000 02064nam a2200457 c 4500
003 BLK
005 20180422105739.0
008 180409b bul|||||r ||||||| ||bul||
010 _aKNG00112121000
020 _a954-529-267-9
_bиздат.: Колибри
040 _aBLK
041 _aBUL
_cBUL
080 _aАмериканска литература (на САЩ)
_b821.111(73)
_x-94
_z821.111(73)-94
080 _aКинорежисьори
_b791.44.071.1
_x(73)(092)(047.53)
_z791.44.071.1(73)(092)(047.53)
080 _aКиноизкуство. Кинофилми
_b791.43
_x(73)
_z791.43(73)
080 _aАмерикански кинорежисьор, сценарист, продуцент и актьор
_b929 Скорсезе, Мартин Чарлс
_x
_z929 Скорсезе, Мартин Чарлс
100 1 _aСкорсезе, Мартин
_eпърви автор
_9310725
700 1 _aВенова, Нина
_eпрев. от фр.
_9367694
139 _aСкорсезе, Мартин
_bС 40
245 1 0 _aМоите удоволствия на киноман
_cМартин Скорсезе; прев. от фр. Нина Венова.
257 _aFRA
260 София
_bКолибри
_c2003
_fСофия : Симолини
300 _a208 с.
_c20 см
380 _aX
490 1 _aБиблиотека Амаркорд
500 _aОриг. загл. Mes plaisirs de cinephile / Martin Scorsese. - Филмография и награди с. 176-189 ; Показалец на по-важните имена и заглавия. - Офс. изд. - 300 тир.
600 1 4 _aСкорсезе, Мартин Чарлс
_9310726
650 4 _aРежисьори
_9169140
650 4 _aКино
_9158500
650 4 _aАктьори
_9146656
651 4 _aСАЩ
_9179493
653 _aрежисьори
653 _aкино
653 _aартисти
653 _aМартин Скорсезе
852 _aЦб 218864
856 4 _qpdf
_u
856 4 _qpdf
_u
942 _cKNG
_n0
944 _aCR
_c06.04.2004
_kЦветанка_Енчева
944 _aED
_c20.06.2005
_k
999 _c106853
_d106853